书目信息 |
| 题名: |
果脯蜜饯及其加工
|
|
| 作者: | 王沂 , 方瑞达 编著 | |
| 分册: | ||
| 出版信息: | 北京 中国食品出版社 1987 |
|
| 页数: | 190页 | |
| 开本: | 19cm | |
| 丛书名: | 乡镇食品企业实用技术丛书 | |
| 单 册: | ||
| 中图分类: | TS255.41 | |
| 科图分类: | ||
| 主题词: | 糖渍食品-食品加工 , 食品加工-糖渍食品 | |
| 电子资源: | ||
| ISBN: | 7-80044-033-8 | |
| 000 | 00828oam2 2200289 450 | |
| 001 | 0187017423 | |
| 005 | 20100712222200.0 | |
| 010 | @a7-80044-033-8@dCNY1.35 | |
| 011 | @a7-80044-033-8 | |
| 091 | @a15392.058 | |
| 100 | @a19900830d1987 em y0chiy0110 ea | |
| 101 | 0 | @achi |
| 102 | @aCN@b110000 | |
| 105 | @ay z 000yy | |
| 106 | @ar | |
| 200 | 1 | @a果脯蜜饯及其加工@9Guo Fu;Pu Mi Jian Ji Qi;Ji Jia Gong @f王沂,方瑞达编著 |
| 210 | @a北京@c中国食品出版社@d1987 | |
| 215 | @a190页@d19cm | |
| 225 | 2 | @a乡镇食品企业实用技术丛书 |
| 461 | 0 | @12001 @a乡镇食品企业实用技术丛书 |
| 606 | 0 | @a糖渍食品-食品加工 |
| 606 | 0 | @a食品加工-糖渍食品 |
| 690 | @aTS255.41@v3 | |
| 701 | 0 | @a王沂@9wang yi@4编著 |
| 701 | 0 | @a方瑞达@9fang rui da@4编著 |
| 801 | 0 | @aCN@b91MARC@c20130904 |
| 905 | @aBZT@dTS255.41@e6@f1@sTS255.41/6 | |
| 果脯蜜饯及其加工/王沂,方瑞达编著.-北京:中国食品出版社,1987 |
| 190页;19cm.-(乡镇食品企业实用技术丛书) |
| ISBN 7-80044-033-8:CNY1.35 |
| ● |
| 相关链接 |
|
|
|
正题名:果脯蜜饯及其加工
索取号:TS255.41/6
 
预约/预借
| 序号 | 登录号 | 条形码 | 馆藏地/架位号 | 状态 | 备注 |
| 1 | 2000144430 | 2000144430 | 旧书回溯/ [索取号:TS255.41/6] | 在馆 |